Movies Quiz

Random Movies or Animation Quiz

Animated Movie Slideshow: 1980s Quiz Stats

 Plays Quiz not verified by Sporcle

Also try: Mutated Movies
Challenge
Share
Tweet
Score 0/20 Timer 05:00
0 Plays Today
% Correct
The Fox and the Hound
92.1%
The Little Mermaid
87.3%
The Land Before Time
65.6%
Oliver & Company
63%
The Black Cauldron
63%
The Great Mouse Detective
63%
All Dogs Go to Heaven
53.4%
The Secret of NIMH
52.9%
An American Tail
51.9%
The Last Unicorn
50.8%
% Correct
The Brave Little Toaster
49.2%
My Neighbor Totoro
40.7%
Kiki's Delivery Service
35.4%
Castle in the Sky
28%
The Chipmunk Adventure
27.5%
The Care Bears Movie
21.2%
The Plague Dogs
19%
Heavy Metal
15.9%
The BFG
15.3%
The Adventures of Mark Twain
15.3%

You're not logged in!

Compare scores with friends on all Sporcle quizzes.
Join for Free
OR
Log In

You Might Also Like...

Show Comments

Extras

Top Quizzes Today


Score Distribution

Your Account Isn't Verified!

In order to create a playlist on Sporcle, you need to verify the email address you used during registration. Go to your Sporcle Settings to finish the process.

Report this User

Report this user for behavior that violates our Community Guidelines.

Details: